书目信息 |
| 题名: |
政府会计理论与实务
|
|
| 作者: | 李霞 编著 | |
| 分册: | ||
| 出版信息: | 昆明 云南大学出版社 2016.12 |
|
| 页数: | 402页 | |
| 开本: | 24cm | |
| 丛书名: | ||
| 单 册: | ||
| 中图分类: | F810.6 | |
| 科图分类: | ||
| 主题词: | 预算会计--yu suan kuai ji--研究 | |
| 电子资源: | ||
| ISBN: | 978-7-5482-2777-9 | |
| 000 | 00929nam0 2200229 450 | |
| 001 | 2347471850 | |
| 005 | 20231125131124.88 | |
| 010 | @a978-7-5482-2777-9@dCNY65.00 | |
| 100 | @a20170518d2016 em y0chiy50 ea | |
| 101 | 0 | @achi |
| 102 | @aCN@b530000 | |
| 105 | @ak a 000yy | |
| 200 | 1 | @a政府会计理论与实务@Azheng fu kuai ji li lun yu shi wu@f李霞编著 |
| 210 | @a昆明@c云南大学出版社@d2016.12 | |
| 215 | @a402页@d24cm | |
| 320 | @a有书目 (第401页) | |
| 330 | @a本书结合近几年我国财政总预算会计和行政单位会计的相关规章制度的变化, 全面、系统地介绍了我国政府会计的基本理论及相关制度。通过我国政府会计理论, 并结合具体详尽的、有针对性的会计案例实务进行讲解, 从而使得理论与实务相结合, 理论为实务服务, 实务促进理论, 具有注重预算管理、会计实务和财务管理等特点。 | |
| 606 | 0 | @a预算会计@Ayu suan kuai ji@x研究 |
| 690 | @aF810.6@v5 | |
| 701 | 0 | @a李霞@Ali xia@4编著 |
| 801 | 0 | @aCN@b人天书店@c20170518 |
| 905 | @aBZT@dF810.6@e11 | |
| 政府会计理论与实务/李霞编著.-昆明:云南大学出版社,2016.12 |
| 402页;24cm |
| ISBN 978-7-5482-2777-9:CNY65.00 |
| 本书结合近几年我国财政总预算会计和行政单位会计的相关规章制度的变化, 全面、系统地介绍了我国政府会计的基本理论及相关制度。通过我国政府会计理论, 并结合具体详尽的、有针对性的会计案例实务进行讲解, 从而使得理论与实务相结合, 理论为实务服务, 实务促进理论, 具有注重预算管理、会计实务和财务管理等特点。 |
| ● |
| 相关链接 |
|
|
|
正题名:政府会计理论与实务
索取号:F810.6/11
 
预约/预借
| 序号 | 登录号 | 条形码 | 馆藏地/架位号 | 状态 | 备注 |
| 1 | 2001084396 | 2001084396 | 东辅楼二楼书库/ [索取号:F810.6/11] | 在馆 | |
| 2 | 2001084397 | 2001084397 | 东辅楼二楼书库/ [索取号:F810.6/11] | 在馆 | |
| 3 | 2001084398 | 2001084398 | 东辅楼二楼书库/ [索取号:F810.6/11] | 在馆 | |
| 4 | 2001084399 | 2001084399 | 东辅楼二楼书库/ [索取号:F810.6/11] | 在馆 | |
| 5 | 2001084400 | 2001084400 | 东辅楼二楼书库/ [索取号:F810.6/11] | 在馆 | |
| 6 | 2001084401 | 2001084401 | 东辅楼二楼书库/ [索取号:F810.6/11] | 在馆 | |
| 7 | 2001084402 | 2001084402 | 东辅楼二楼书库/ [索取号:F810.6/11] | 在馆 | |
| 8 | 2001084403 | 2001084403 | 东辅楼二楼书库/ [索取号:F810.6/11] | 在馆 | |
| 9 | 2001084404 | 2001084404 | 东辅楼二楼书库/ [索取号:F810.6/11] | 在馆 | |
| 10 | 2001084405 | 2001084405 | 东辅楼二楼书库/ [索取号:F810.6/11] | 在馆 | |
| 11 | 2001084406 | 2001084406 | 东辅楼二楼书库/ [索取号:F810.6/11] | 在馆 | |
| 12 | 2001084407 | 2001084407 | 东辅楼二楼书库/ [索取号:F810.6/11] | 在馆 | |
| 13 | 2001084408 | 2001084408 | 东辅楼二楼书库/ [索取号:F810.6/11] | 在馆 | |
| 14 | 2001084409 | 2001084409 | 东辅楼二楼书库/ [索取号:F810.6/11] | 在馆 | |
| 15 | 2001084410 | 2001084410 | 东辅楼二楼书库/ [索取号:F810.6/11] | 在馆 | |
| 16 | 2001084411 | 2001084411 | 东辅楼二楼书库/ [索取号:F810.6/11] | 在馆 | |
| 17 | 2001084412 | 2001084412 | 东辅楼二楼书库/ [索取号:F810.6/11] | 在馆 | |
| 18 | 2001084413 | 2001084413 | 东辅楼二楼书库/ [索取号:F810.6/11] | 在馆 | |
| 19 | 2001084414 | 2001084414 | 东辅楼二楼书库/ [索取号:F810.6/11] | 在馆 | |
| 20 | 2001084415 | 2001084415 | 东辅楼二楼书库/ [索取号:F810.6/11] | 在馆 | |
| 21 | 2001084416 | 2001084416 | 东辅楼二楼书库/ [索取号:F810.6/11] | 在馆 | |
| 22 | 2001084417 | 2001084417 | 东辅楼二楼书库/ [索取号:F810.6/11] | 在馆 | |
| 23 | 2001084418 | 2001084418 | 东辅楼二楼书库/ [索取号:F810.6/11] | 在馆 |